| 000 | 00505nam a2200193Ia 4500 | ||
|---|---|---|---|
| 005 | 20230317115336.0 | ||
| 008 | 230125s9999 xx 000 0 und d | ||
| 041 | _aeng | ||
| 082 |
_a658 _bEST |
||
| 100 |
_aEstes Clarissa Pnkola _9115104 |
||
| 245 | _aWomen who run with the wolves | ||
| 260 |
_c2000 _bRiders Publication London |
||
| 300 | _a540p | ||
| 500 | _aGeneral Management | ||
| 650 | _aGeneral Management | ||
| 700 |
_aEstes Clarissa Pnkola _9115104 |
||
| 942 | _cBK | ||
| 999 |
_c92887 _d92887 |
||